| 000 | 01282namaa22003131i 4500 | ||
|---|---|---|---|
| 005 | 20260426114519.0 | ||
| 008 | 260426s1995 ua a|||frm||| 000 0 eng d | ||
| 040 |
_aEG-GICUC _beng _cEG-GICUC _dEG-GICUC _erda |
||
| 041 | 0 |
_aeng _beng _bara |
|
| 049 | _aDeposit | ||
| 097 | _aM.Sc | ||
| 099 | _aCai01.11.24/28.M.Sc.1995.Ha.N. | ||
| 100 | 0 |
_aHany Fawzy Awad, _epreparation. |
|
| 245 | 1 | 0 |
_aNew Concepts In The Pathogenesis Of Childhood Asthma / _cBy Hany Fawzy Awad; Under The Supervision Of Prof. Dr. Samia EL-Sharkawi, Dr. Tallal Abd EL-Aziz Farag. |
| 246 | 1 | 5 | _aالنظريات الحديثة للمنشأ المرضى للربو الشعبي عند الأطفال / |
| 264 | 0 | _c1995. | |
| 300 |
_a123 pages : _billustrations ; _c30 cm. + |
||
| 336 |
_2rda content _atext |
||
| 337 |
_2rdamedia _aUnmediated |
||
| 338 |
_2rdacarrier _avolume |
||
| 502 | _aThesis (M.Sc.) -Cairo University, 1995. | ||
| 504 | _aBibliography: pages 104-123. | ||
| 653 | 0 | _aPediatrics | |
| 700 | 0 |
_aSamia EL-Sharkawi _ethesis advisor. |
|
| 700 | 0 |
_aTallal Abd EL-Aziz Farag _ethesis advisor. |
|
| 900 |
_DDepartment of Pediatrics _FFaculty of Medicine _UCairo University _b1995 _cSamia EL-Sharkawi _cTallal Abd EL-Aziz Farag |
||
| 905 | _aEman El gebaly | ||
| 942 |
_2ddc _cTH _e21 _n0 |
||
| 999 | _c179718 | ||